Satunnaisia valtioiden muotoja - Statistics

Yleistilastot
  • Tätä visaa on pelattu 1 898 kertaa
  • Keskiarvotulos 10 / 20
Vastaustilastot
Kuvavisa Vastaus % Oikein
Italia
100%
Suomi
100%
Kroatia
92%
Saksa
92%
Chile
91%
Kreikka
91%
Intia
90%
Itävalta
89%
Uusi-Seelanti
89%
Japani
87%
Yhdysvallat
87%
Egypti
86%
Kypros
86%
Ranska
86%
Meksiko
85%
Norja
85%
Senegal
85%
Yhdistynyt kuningaskunta
85%
Venäjä
84%
Australia
83%
Espanja
83%
Marokko
83%
Madagaskar
82%
Islanti
81%
Thaimaa
81%
Indonesia
80%
Kanada
79%
Irlanti
78%
Ruotsi
78%
Filippiinit
76%
Somalia
76%
Vietnam
75%
Kazakstan
74%
Puola
74%
Brasilia
72%
Laos
71%
Mali
71%
Turkki
70%
Mongolia
69%
Myanmar
69%
Kuuba
68%
Libya
68%
Sudan
68%
Argentiina
67%
Kiina
66%
Portugali
66%
Sri Lanka
66%
Ukraina
65%
Alankomaat
64%
Nepal
64%
Tanska
64%
Etelä-Afrikka
63%
Sambia
63%
Etiopia
62%
Gambia
62%
Namibia
62%
Sveitsi
62%
Papua-Uusi-Guinea
61%
Iran
60%
Kosovo
60%
Slovakia
60%
Panama
59%
Taiwan
59%
Algeria
58%
Monaco
58%
Israel
57%
Tšekki
57%
Tunisia
57%
Benin
56%
Oman
56%
Viro
56%
Vatikaanivaltio
55%
Mauritania
54%
Latvia
53%
Peru
52%
Serbia
52%
Pakistan
51%
Bosnia ja Hertsegovina
50%
Eritrea
50%
Romania
50%
Tuvalu
50%
Bangladesh
49%
Bulgaria
49%
Mosambik
49%
Saudi-Arabia
49%
Unkari
49%
Malawi
48%
Uzbekistan
48%
Tšad
47%
Kenia
46%
Afganistan
45%
Malediivit
45%
Malesia
45%
Kamerun
44%
Malta
44%
Nicaragua
44%
Tansania
44%
Georgia
43%
Liettua
43%
Albania
42%
Antigua ja Barbuda
42%
Costa Rica
42%
Jemen
42%
Irak
41%
Jordania
41%
Moldova
41%
Norsunluurannikko
41%
Slovenia
40%
Angola
39%
Kuwait
39%
Niger
39%
Azerbaidžan
38%
Burkina Faso
38%
Guinea
38%
Päiväntasaajan Guinea
38%
Pohjois-Korea
38%
Pohjois-Makedonia
38%
Uruguay
38%
Valko-Venäjä
38%
Etelä-Korea
36%
Keski-Afrikan tasavalta
36%
Turkmenistan
36%
Kongon demokraattinen tasavalta
35%
Nigeria
35%
Andorra
33%
Bahama
33%
Marshallinsaaret
33%
Nauru
33%
Saint Lucia
33%
Tadžikistan
33%
Zimbabwe
33%
Ghana
32%
Guatemala
32%
Jamaika
32%
Liechtenstein
32%
Mikronesia
32%
Paraguay
32%
Trinidad ja Tobago
32%
Yhdistyneet arabiemiraatit
32%
Belize
31%
Haiti
31%
Togo
31%
Venezuela
31%
Botswana
30%
Ecuador
30%
Kirgisia
30%
Salomoninsaaret
30%
Bhutan
29%
Etelä-Sudan
29%
Itä-Timor
29%
Kap Verde
29%
Kongon tasavalta
29%
Luxemburg
29%
Syyria
29%
Bolivia
27%
Liberia
27%
Montenegro
27%
São Tomé ja Príncipe
27%
Djibouti
26%
Gabon
26%
Grenada
26%
Guyana
25%
Qatar
25%
Saint Kitts ja Nevis
25%
Barbados
24%
Brunei
24%
Kiribati
24%
Vanuatu
24%
Belgia
23%
Singapore
23%
El Salvador
22%
Kambodža
22%
Sierra Leone
22%
Samoa
21%
San Marino
21%
Tonga
21%
Dominikaaninen tasavalta
20%
Burundi
19%
Libanon
19%
Ruanda
19%
Uganda
19%
Armenia
18%
Bahrain
18%
Kolumbia
18%
Fidži
17%
Lesotho
17%
Palau
17%
Guinea-Bissau
16%
Honduras
16%
Suriname
16%
Saint Vincent ja Grenadiinit
15%
Komorit
14%
Mauritius
14%
Seychellit
13%
Swazimaa
13%
Dominica
6%
Ehtoja vastaavia visoja ei löytynyt
Tulosjakauma
Jokaisen tuloksen saaneiden osuus
Persentiili vastausten määrän mukaan
Tuloshistoriasi
Et ole pelannut tätä visaa